Διαχείριση επιχειρησιακής απόδοσης με χρήση του περιβάλλοντος διαχείρισης επιχειρησιακών πόρων SAP : μεταπτυχιακή διατριβή

Η οικονομία έχει περάσει βαθμιαία από τη Βιομηχανική Εποχή στην Εποχή της Πληροφορίας, η οποία χαρακτηρίζεται από έναν παγκόσμιο ανταγωνισμό γνώσης. Προκειμένου να επιβιώσει, ο κάθε οργανισμός θα πρέπει να αναπτύξει και να εφαρμόσει ένα νέο όραμα και μια νέα στρατηγική. Από τις σημαντικότερες δεξιότ...

Πλήρης περιγραφή

Αποθηκεύτηκε σε:
Λεπτομέρειες βιβλιογραφικής εγγραφής
Κύριος συγγραφέας: Μαδίκα, Αφροδίτη
Συγγραφή απο Οργανισμό/Αρχή: Πανεπιστήμιο Αιγαίου. Σχολή Θετικών Επιστημών. Τμήμα Μηχανικών Πληροφοριακών και Επικοινωνιακών Συστημάτων. Π.Μ.Σ. Τεχνολογίες και Διοίκηση Πληροφοριακών και Επικοινωνιακών Συστημάτων
Μορφή: Thesis Βιβλίο
Γλώσσα:Greek
Δημοσίευση: 2009.
Θέματα:
Διαθέσιμο Online:http://hdl.handle.net/11610/12443
Ετικέτες: Προσθήκη ετικέτας
Δεν υπάρχουν, Καταχωρήστε ετικέτα πρώτοι!

MARC

LEADER 00000cam a2200000 i 4500
001 1/7809
008 100526s2009 gr | ||| |||| ||gre||
035 |l 10108001 
040 |a GR-MyUA  |b gre  |e AACR2 
041 0 |a gre 
082 0 |a 658.4012   |2 (22) 
100 1 |a Μαδίκα, Αφροδίτη. 
245 1 0 |a Διαχείριση επιχειρησιακής απόδοσης με χρήση του περιβάλλοντος διαχείρισης επιχειρησιακών πόρων SAP :   |b μεταπτυχιακή διατριβή /   |c της Αφροδίτης Μαδίκα ; επιβλέπων καθηγητής Ευριπίδης Λουκής.  
260 |c 2009.  
300 |a x, 156 σ. :   |b εικ. ;   |c 30 εκ.  
500 |a Μέλη της εξεταστικής επιτροπής: Ευριπίδης Λουκής, Σπυρίδων Κοκολάκης, Ιωάννης Χαραλαμπίδης.  
502 |a Διατριβή (μεταπτυχιακή) – Πανεπιστήμιο Αιγαίου, Σάμος, 2010.  
504 |a Βιβλιογραφία: σ. 154-156.  
506 1 |a Διάθεση πλήρους κειμένου ;   |d Ενδοπανεπιστημιακή δημοσίευση.  
520 |a Η οικονομία έχει περάσει βαθμιαία από τη Βιομηχανική Εποχή στην Εποχή της Πληροφορίας, η οποία χαρακτηρίζεται από έναν παγκόσμιο ανταγωνισμό γνώσης. Προκειμένου να επιβιώσει, ο κάθε οργανισμός θα πρέπει να αναπτύξει και να εφαρμόσει ένα νέο όραμα και μια νέα στρατηγική. Από τις σημαντικότερες δεξιότητες ενός οργανισμού, είναι η ικανότητά του να μεταφράζει τη στρατηγική του σε πράξη. Αυτό είναι ιδιαίτερα δύσκολο σε μεγάλους οργανισμούς, οι οποίοι είναι στην ουσία πολυπλοκότεροι, και η απόσταση μεταξύ αυτών που σχεδιάζουν τη στρατηγική και αυτών που την υλοποιούν είναι μεγάλη. Το Balanced Scorecard είναι μια μεθοδολογία, ένα εργαλείο, το οποίο παρέχει τις κατευθυντήριες γραμμές για την υλοποίηση της επιλεγμένης στρατηγικής μέσα σε όλο τον οργανισμό, μειώνοντας κατ αυτόν τον τρόπο τα πιθανά σφάλματα, τους πλεονασμούς και τις αποκλίσεις από το βασικό στόχο. Επόμενο βήμα, μετά την εφαρμογή της στρατηγικής, αποτελεί η παρακολούθηση, ο έλεγχος και η αξιολόγησή της. Η ανάλυση των δεδομένων, αυτής της φάσης, γίνεται μέσω του Business Information Warehouse (BW), το οποίο βασίζεται στη λειτουργία των αποθηκών δεδομένων (Data Warehouse), οι οποίες με τη σειρά τους βασίζονται σε λεπτομερή δεδομένα από τα συστήματα Διαχείρισης Επιχειρησιακών Πόρων (ή άλλα εσωτερικά πληροφοριακά συστήματα). Αυτά τα συστήματα βοηθούν στη παρακολούθηση της πορείας του οργανισμού, στη μέτρηση και αξιολόγηση της απόδοσης της στρατηγικής και στη λήψη αποφάσεων, η οποία και θα καθορίσει τη μετέπειτα επιτυχία του οργανισμού. Στην παρούσα διπλωματική εργασία παρουσιάζεται και αναλύεται η διαδικασία εφαρμογής της στρατηγικής ενός οργανισμού, μέσω της μεθοδολογίας Balanced Scorecard, και η μετέπειτα ενσωμάτωσή της στο Περιβάλλον Διαχείρισης Επιχειρησιακών Πόρων της SAP, το SAP Strategic Enterprise Management. Τελικό σημείο αναφοράς αποτελεί η παράθεση σεναρίων που αφορούν εργαλεία υποστήριξης λήψης αποφάσεων, αναφορές και αναλύσεις, καθώς και παρακολούθησης επιχειρησιακής απόδοσης. 
540 |a Κλειδωμένη η δυνατότητα αντιγραφής (copy) του κειμένου.  
610 2 0 |a University of the Aegean  |x Dissertations. 
650 0 0 |a Strategic planning. 
650 0 0 |a Organizational effectiveness  |x Evaluation. 
650 0 0 |a Performance  |x Measurement. 
650 0 0 |a Dissertations, Academic  |z Greece. 
700 1 |a Λουκής, Ευριπίδης Ν.  |e dgs 
710 2 |a Πανεπιστήμιο Αιγαίου.   |b Σχολή Θετικών Επιστημών.   |b Τμήμα Μηχανικών Πληροφοριακών και Επικοινωνιακών Συστημάτων.   |b Π.Μ.Σ. Τεχνολογίες και Διοίκηση Πληροφοριακών και Επικοινωνιακών Συστημάτων. 
852 |a INST  |b SAMOS  |c DIATR  |e 20100526  |h 658.4012 ΜΑΔ  |p 005300031857  |q 005300031857  |t MTXE  |y 23 
852 |a INST  |b SAMOS  |c DIATR  |e 20100526  |h 658.4012 ΜΑΔ  |p 005300031858  |q 005300031858  |t MTXE  |y 23 
856 |u http://hdl.handle.net/11610/12443 
901 |a BIBL3-2010-2 
909 |a Σ  |b 162336 
909 |a Σ  |b 162337 
924 |a ΜΑΔΙΚΑ  |b ΑΦΡΟΔΙΤΗ  |y Σάμος  |z 2010-05 
970 |a ΚΟΣΙΕΡΗΣ  |b ΧΡΗΣΤΟΣ  |z 2010/05/26